000
00285nam a2200097Ia 4500
008
220204s9999 xx 000 0 und d
082
_a
382.5(058)
_b
DIR
245
0
_a
Directory of importers of Indian products: Australia
260
_a
New Delhi
_b
Manager of Publications
_c
1970
942
_c
BK
999
_c
22234
_d
22234